| 000 | 00734nam a2200229 a 4500 | ||
|---|---|---|---|
| 005 | 20260213063922.0 | ||
| 008 | 040324s2002 mx r 000 0 spa d | ||
| 020 | _a8497420780 | ||
| 035 | _aUPN01000132787 | ||
| 049 | _aCG | ||
| 050 | 4 |
_aHF5549.5 T7 _bS3.5 |
|
| 100 | 1 |
_aSarramona López, Jaime, _d1944- _929962 |
|
| 245 | 1 | 3 |
_aLa formación continua laboral / _cJaume Sarramona. |
| 260 |
_aMadrid : _bBiblioteca Nueva, _c2002. |
||
| 300 | _a158 p. | ||
| 440 | 0 |
_aBiblioteca nueva universidad. _pManuales y obras de referencia. _pEducación |
|
| 650 | 4 |
_aEmpleados _xCapacitación _9979 |
|
| 650 | 4 |
_aTrabajo y trabajadores _xEducación _916221 |
|
| 650 | 4 |
_aPsicología industrial _99354 |
|
| 905 | _aLibro | ||
| 999 |
_c104941 _d104941 |
||